000 00592nam a2200193Ia 4500
003 GCL
008 140319s9999 xx 000 0 ara d
040 _aGCL /
_cGCL
082 0 4 _a540.7
_bى م
100 1 _aيوسف عبدالله شهاب
245 1 0 _aمبادىء الكيمياء ج2 /
_cيوسف عبدالله شهاب
700 1 _aليلى محمد نجيب (مترجم)
700 1 _aسعدالله توفيق سليمان
260 _a[S.N] :
_bجامعة الموصل ،
_c1984
300 _a605\10150 ص
490 _a
650 0 4 _aالكيمياء
942 _2ddc
_cBK
999 _c34942
_d34942